000 01705nam a2200253Ia 4500
008 260220t1998||||xx |||||||||||||| ||spa||
020 _a8478809600
040 _aPY-SlUNAC
_bspa
_erda
041 _aspa
082 _a863
_bR333s
100 _aRegás, Rosa
_eAutor
245 0 _aSangre de mi sangre, la aventura de los hijos /
_cpor Rosa Regás [Autor]
264 _aMadrid :
_bTemas de Hoy,
_c℗1998.
300 _a1 volumen
520 _a"Sangre de mi sangre, la aventura de los hijos" de Rosa Regás es una obra que explora la compleja relación entre padres e hijos, centrándose en las diversas dinámicas familiares y los retos que surgen a lo largo del crecimiento. A través de una narrativa íntima y reflexiva, Regás aborda temas como la educación, la identidad y la búsqueda de la autonomía en los jóvenes. La autora utiliza una prosa evocadora para ilustrar las emociones y las tensiones presentes en estas relaciones, destacando cómo el amor y la responsabilidad se entrelazan en la vida familiar. Además, el libro examina las expectativas sociales y culturales que influyen en la crianza, así como el impacto de la historia personal de cada individuo en su papel como progenitor. Al final, la obra invita a una profunda reflexión sobre el significado de la paternidad y maternidad en un contexto contemporáneo, convirtiéndose en un testimonio relevante sobre las luchas y alegrías de la vida familiar.
653 _aFamilia
653 _aLiteratura juvenil
653 _aRelaciones interpersonales
942 _b2026/02/17
_cBK
999 _c9237
_d9237